000
00343nam a2200157Ia 4500
100
_a
Rao/P.N/ Tewari/N.K
650
_a
CAM
942
_c
BK
366
_f
17.5
654
_a
aided
245
_a
Computer Aided Manufacturing
260
_b
Cengage Learning
_a
Mumbai
_c
2007
082
_a
670.427/RAO
_b
RAO
300
_a
297
546
_a
ENGLISH
999
_c
18787
_d
18787